[Event "Est ch 2020 G12"]
[Site "?"]
[Date "2020.01.23"]
[Round "1.1"]
[White "Karba, Kertu"]
[Black "Shadrina, Eva"]
[Result "0-1"]
[WhiteElo "1158"]
[BlackElo "1559"]
[PlyCount "64"]
[SourceVersionDate "2020.01.30"]

1. e4 c5 2. Nf3 Nc6 3. g3 d6 4. Bg2 g6 5. O-O Bg7 6. Nc3 e6 7. d3 Nge7 8. Bg5
O-O 9. Bxe7 Qxe7 10. Rb1 a6 11. Ne2 Rb8 12. c3 Qd7 13. d4 cxd4 14. Nfxd4 e5 15.
Nxc6 bxc6 16. Qd2 Bb7 17. Rfd1 Rbd8 18. Qd3 Qe6 19. b3 d5 20. exd5 cxd5 21. c4
e4 22. Qc2 d4 23. Nf4 Qe8 24. Re1 d3 25. Nxd3 exd3 26. Rxe8 dxc2 27. Rxf8+ Kxf8
28. Rc1 Rd1+ 29. Rxd1 cxd1=Q+ 30. Bf1 Bf3 31. a3 Be2 32. Kg2 Qxf1# 0-1

[Event "Est ch 2020 G12"]
[Site "?"]
[Date "2020.01.23"]
[Round "1.2"]
[White "Haapsal, Maria Ioanna"]
[Black "Rüdiger, Maria Helena"]
[Result "1-0"]
[WhiteElo "1549"]
[BlackElo "1091"]
[PlyCount "77"]
[SourceVersionDate "2020.01.30"]

1. e4 c5 2. Nf3 e6 3. d4 cxd4 4. Nxd4 d6 5. c4 Nf6 6. Nc3 Be7 7. Be2 a6 8. Be3
b6 9. Bf3 Bb7 10. e5 Bxf3 11. Qxf3 dxe5 12. Nxe6 fxe6 13. Qxa8 O-O 14. O-O Bd6
15. Ne4 Nxe4 16. Qxe4 Qc7 17. b3 Nc6 18. h3 Nb4 19. a3 Qc6 20. Qxc6 Nxc6 21.
Bxb6 Rb8 22. c5 Be7 23. b4 Nd4 24. Bc7 Nc2 25. Bxb8 Nxa1 26. Rxa1 Bf6 27. c6 e4
28. c7 Bxa1 29. c8=Q+ Kf7 30. Qd7+ Kg6 31. Qxe6+ Bf6 32. Be5 h6 33. Bxf6 gxf6
34. Qxe4+ f5 35. Qe6+ Kg5 36. g3 h5 37. h4+ Kg4 38. Kg2 a5 39. Qg6# 1-0

[Event "Est ch 2020 G12"]
[Site "?"]
[Date "2020.01.23"]
[Round "1.3"]
[White "Andrejeva, Olga"]
[Black "Rogaten, Varvara"]
[Result "0-1"]
[WhiteElo "1018"]
[BlackElo "1397"]
[PlyCount "100"]
[SourceVersionDate "2020.01.30"]

1. e4 e5 2. Nf3 Nc6 3. d4 exd4 4. Nxd4 Qf6 5. Nf3 Bc5 6. Qe2 d6 7. h3 Bd7 8.
Nc3 Nd4 9. Qd3 Nxf3+ 10. gxf3 Qd4 11. Qxd4 Bxd4 12. Nd5 O-O-O 13. Bg5 f6 14. c3
Bxc3+ 15. bxc3 fxg5 16. Rg1 c6 17. Ne3 h6 18. Kd2 Nf6 19. Rb1 Be6 20. a4 Rhf8
21. Nc4 d5 22. exd5 Rxd5+ 23. Kc2 Bf5+ 24. Kb2 Bxb1 25. Kxb1 Nd7 26. Rg4 Rd1+
27. Kc2 Rxf1 28. Re4 Rxf2+ 29. Nd2 Rd8 30. Rd4 Nc5 31. a5 Rxd4 32. cxd4 Ne6 33.
Kc3 b6 34. a6 b5 35. Ne4 Rxf3+ 36. Kb4 Kc7 37. Nc5 Nxc5 38. Kxc5 h5 39. h4 g4
40. d5 cxd5 41. Kxb5 g3 42. Kc5 g2 43. Kxd5 g1=Q 44. Ke5 Qe3+ 45. Kd5 Rf5+ 46.
Kc4 Qe4+ 47. Kc3 Rf3+ 48. Kd2 Qe3+ 49. Kc2 Qe2+ 50. Kc1 Rf1# 0-1

[Event "Est ch 2020 G12"]
[Site "?"]
[Date "2020.01.23"]
[Round "1.4"]
[White "Pritulina, Nadezhda"]
[Black "Karba, Karoliina"]
[Result "1-0"]
[WhiteElo "1345"]
[BlackElo "1013"]
[PlyCount "99"]
[SourceVersionDate "2020.01.30"]

1. e4 e5 2. Nf3 Nc6 3. d4 exd4 4. Nxd4 d5 5. exd5 Qxd5 6. Be3 Bc5 7. c3 Bxd4 8.
cxd4 Nf6 9. Be2 O-O 10. O-O {protokollist musta käik puudu, edasist mängu
arvestades must käiku ei teinudki.} Qe4 11. Nc3 Qe6 12. d5 Qe5 13. dxc6 Ne4
14. cxb7 Bxb7 15. Nxe4 Qxe4 16. Bf3 Qb4 17. a3 Qb5 18. b4 Bxf3 19. Qxf3 h6 20.
Qg3 f6 21. Bxh6 Rf7 22. Qf3 Rff8 23. Qg3 Rf7 24. Bf4 c5 25. bxc5 Qxc5 26. Rfd1
Raf8 27. Bd6 Qb5 28. Bxf8 Rxf8 29. Rab1 Qc5 30. Rd7 Rf7 31. Rxf7 Kxf7 32. Rb7+
Ke6 33. Qe3+ Qxe3 34. fxe3 a6 35. Rb6+ Kd5 36. Rxa6 Ke4 37. Rb6 Kxe3 38. a4 Kd4
39. a5 Kc5 40. Rb1 Kd5 41. a6 f5 42. a7 g5 43. a8=Q+ Ke5 44. Qd8 f4 45. Re1+
Kf5 46. h3 g4 47. Qd5+ Kf6 48. Re6+ Kf7 49. Qd7+ Kf8 50. Re8# 1-0

[Event "Est ch 2020 G12"]
[Site "?"]
[Date "2020.01.23"]
[Round "1.5"]
[White "Luik, Elo-Mirtel"]
[Black "Orlova, Sofija"]
[Result "0-1"]
[WhiteElo "1012"]
[BlackElo "1239"]
[PlyCount "42"]
[SourceVersionDate "2020.01.30"]

1. e4 d5 2. Nc3 dxe4 3. Nxe4 Bf5 4. Qf3 e6 5. Ng3 Bxc2 6. Qxb7 Nd7 7. Bb5 Rc8
8. Qxa7 Ngf6 9. d4 Bb4+ 10. Bd2 Bxd2+ 11. Kxd2 Bg6 12. Nf3 O-O 13. Bxd7 Qxd7
14. Ne5 Qd5 15. Nxg6 fxg6 16. Rac1 c6 17. Ke1 Ng4 18. Nf1 Rxf2 19. Rc3 Qe4+ 20.
Kd1 Qe2+ 21. Kc1 Qe1# 0-1

[Event "Est ch 2020 G12"]
[Site "?"]
[Date "2020.01.23"]
[Round "1.6"]
[White "Kuzmina, Oleksandra"]
[Black "Dmitrijeva, Laura-Valeria"]
[Result "1-0"]
[WhiteElo "1202"]
[BlackElo "1005"]
[PlyCount "95"]
[SourceVersionDate "2020.01.30"]

1. d4 d5 2. c4 dxc4 3. e4 Nf6 4. e5 Ne4 5. f3 Bg4 6. fxg4 e6 7. Bxc4 Bb4+ 8.
Bd2 Bxd2+ 9. Nxd2 Qh4+ 10. g3 Qg5 11. Nxe4 Qg6 12. Bd3 Qh6 13. g5 Qg6 14. Nd6+
Kd8 15. Nxb7+ Kc8 16. Bxg6 hxg6 17. Nc5 Rh5 18. d5 Rxg5 19. Nf3 Rf5 20. dxe6
fxe6 21. Nxe6 Rf7 22. Qd8+ Kb7 23. Nfg5 Rd7 24. Qg8 Rd6 25. Nd8+ Rxd8 26. Qxd8
Nc6 27. Qxa8+ Kxa8 28. e6 Kb8 29. Rd1 Kb7 30. b4 Kb6 31. Rd7 a5 32. e7 Nxe7 33.
Rxe7 axb4 34. Ke2 c5 35. Re6+ Kb5 36. Rxg6 c4 37. Rxg7 c3 38. h4 Kc4 39. h5 b3
40. axb3+ Kxb3 41. h6 c2 42. h7 Kb2 43. h8=Q c1=Q 44. Rxc1 Kxc1 45. Qh1+ Kc2
46. Rc7+ Kb3 47. Qb1+ Ka4 48. Ra7# 1-0

[Event "Est ch 2020 G12"]
[Site "?"]
[Date "2020.01.23"]
[Round "1.7"]
[White "Dukova, Sofia"]
[Black "Protassova, Evelina"]
[Result "0-1"]
[WhiteElo "1002"]
[BlackElo "1161"]
[PlyCount "46"]
[SourceVersionDate "2020.01.30"]

1. e4 c6 2. Nf3 d5 3. exd5 cxd5 4. Nc3 Nf6 5. Bb5+ Bd7 6. Bxd7+ Nbxd7 7. O-O e6
8. d4 Be7 9. Bf4 O-O 10. Re1 Rc8 11. a3 Rc6 12. Ne5 Nxe5 13. Bxe5 Qb6 14. Ne2
Rfc8 15. Rc1 Qxb2 16. c3 Qxa3 17. Ra1 Qb2 18. Nf4 Qxc3 19. Re2 Qxa1 20. Qxa1
Rc1+ 21. Re1 Rxa1 22. Rxa1 a6 23. Ra3 Rc1# 0-1

[Event "Est ch 2020 G12"]
[Site "?"]
[Date "2020.01.23"]
[Round "2.1"]
[White "Shadrina, Eva"]
[Black "Pritulina, Nadezhda"]
[Result "1-0"]
[WhiteElo "1559"]
[BlackElo "1345"]
[PlyCount "42"]
[SourceVersionDate "2020.01.30"]

1. e4 c5 2. Nf3 Nc6 3. Bb5 d6 4. b3 Nf6 5. Bxc6+ bxc6 6. Qe2 g6 7. Bb2 Bg7 8.
Nc3 O-O 9. O-O Bb7 10. d3 Re8 11. h3 e5 12. Qd2 d5 13. exd5 cxd5 14. Na4 Nd7
15. Nh2 Bc6 16. Nc3 d4 17. Ne2 f5 18. Ng3 f4 19. Ne2 Qg5 20. f3 Nf6 21. Ba3 Bf8
1-0

[Event "Est ch 2020 G12"]
[Site "?"]
[Date "2020.01.23"]
[Round "2.2"]
[White "Orlova, Sofija"]
[Black "Haapsal, Maria Ioanna"]
[Result "1-0"]
[WhiteElo "1239"]
[BlackElo "1549"]
[PlyCount "79"]
[SourceVersionDate "2020.01.30"]

1. d4 d5 2. Bf4 e6 3. a3 Nf6 4. Nc3 c6 5. e3 Be7 6. Bd3 b6 7. f3 Bb7 8. Qd2
Nbd7 9. Be2 a6 10. g4 h5 11. g5 Nh7 12. h4 g6 13. Bg3 c5 14. dxc5 Bxc5 15.
O-O-O Rc8 16. Kb1 b5 17. e4 d4 18. Na2 e5 19. f4 Bxe4 20. Nf3 exf4 21. Bxf4 Bb6
22. Rc1 Nhf8 23. Rhe1 Ne6 24. Ne5 Nxe5 25. Bxe5 O-O 26. Bf6 Qd7 27. Bxh5 Bxc2+
28. Rxc2 gxh5 29. Nc3 Ba5 30. b4 Bc7 31. Qd1 d3 32. Rd2 Nf4 33. Rf1 Qe6 34.
Rxf4 Be5 35. Qxh5 Bxf6 36. gxf6 Qb3+ 37. Rb2 Qxb2+ 38. Kxb2 Rfd8 39. Qh6 Rxc3
40. Qg7# 1-0

[Event "Est ch 2020 G12"]
[Site "?"]
[Date "2020.01.23"]
[Round "2.2"]
[White "Rogaten, Varvara"]
[Black "Kuzmina, Oleksandra"]
[Result "1/2-1/2"]
[WhiteElo "1397"]
[BlackElo "1202"]
[PlyCount "76"]
[SourceVersionDate "2020.01.30"]

1. e4 e5 2. Nf3 Nc6 3. Bc4 Nf6 4. Ng5 d5 5. exd5 Nxd5 6. Nxf7 Kxf7 7. Qf3+ Ke8
8. Bxd5 Qd7 9. Bxc6 Qxc6 10. Qxc6+ bxc6 11. O-O Bd6 12. d3 Rb8 13. Re1 Kd7 14.
b3 Re8 15. c3 Ba6 16. Rd1 e4 17. d4 Bd3 18. Be3 a6 19. b4 h5 20. Nd2 g6 21. Nb3
Kc8 22. Rac1 Rb5 23. Nc5 Bxc5 24. dxc5 a5 25. a3 axb4 26. cxb4 Rb8 27. Rd2 Rd8
28. Rc3 Rd5 29. f3 h4 30. fxe4 Bxe4 31. Rxd5 cxd5 32. Bg5 c6 33. Bxh4 Kd7 34.
g4 Ke6 35. Bg3 Rd8 36. Bd6 d4 37. Rc1 d3 38. Rd1 Ra8 1/2-1/2

[Event "Est ch 2020 G12"]
[Site "?"]
[Date "2020.01.23"]
[Round "2.4"]
[White "Protassova, Evelina"]
[Black "Karba, Kertu"]
[Result "0-1"]
[WhiteElo "1161"]
[BlackElo "1158"]
[PlyCount "210"]
[SourceVersionDate "2020.01.30"]

1. d4 Nf6 2. c4 g6 3. Nc3 Bg7 4. Nf3 d6 5. Bf4 Nbd7 6. e3 O-O 7. Bd3 Re8 8. O-O
b6 9. a3 Bb7 10. e4 e5 11. dxe5 dxe5 12. Bg3 Nc5 13. Bc2 Qxd1 14. Rfxd1 Ncxe4
15. Bxe5 Nxc3 16. Bxc3 Ng4 17. Bxg7 Kxg7 18. h3 Nf6 19. Re1 Nd7 20. Nd4 a6 21.
b4 Ne5 22. Bb3 Nd3 23. Red1 Nf4 24. f3 Rad8 25. Ra2 c5 26. bxc5 bxc5 27. Ba4
Rf8 28. Nc6 Bxc6 29. Rxd8 Rxd8 30. Bxc6 a5 31. Rb2 Rd6 32. Be4 Rd4 33. Rb5 Rxc4
34. Rxa5 Ne2+ 35. Kh2 Rc3 36. Ra7 Nf4 37. a4 Ra3 38. Rc7 Rxa4 39. Rxc5 Ra2 40.
Rc2 Rxc2 41. Bxc2 f5 42. g3 Ne2 43. g4 fxg4 44. hxg4 Nd4 45. Be4 h6 46. Kg3 g5
47. f4 Ne2+ 48. Kf3 Nxf4 49. Bf5 Kf6 50. Be4 Ne6 51. Bd3 Ke5 52. Ke3 Ng7 53.
Bg6 Ne6 54. Bh5 Nf4 55. Be8 Nd5+ 56. Kf3 Nc3 57. Bc6 Kd4 58. Be8 Nd1 59. Ke2
Ne3 60. Kf3 Nf1 61. Kf2 Nh2 62. Kg3 Nf1+ 63. Kg2 Nd2 64. Kg3 Ke3 65. Kg2 Kf4
66. Bh5 Nf3 67. Kh3 Ne5 68. Be8 Nxg4 69. Bh5 Nf6 70. Bd1 h5 71. Kh2 g4 72. Ba4
g3+ 73. Kg2 h4 74. Bc6 Nh7 75. Kh3 Kg5 76. Be4 Nf6 77. Ba8 Ng4 78. Kg2 Nf2 79.
Bf3 Kf4 80. Ba8 h3+ 81. Kg1 Kg4 82. Bb7 h2+ 83. Kf1 Kh4 84. Bg2 Nd3 85. Bf3 Nf4
86. Be4 Kh3 87. Bf3 Nd3 88. Bg2+ Kh4 89. Bf3 Nf2 90. Bg2 h1=Q+ 91. Bxh1 Nxh1
92. Kg2 Nf2 93. Kg1 Kh3 94. Kf1 Kh2 95. Ke2 Nh3 96. Kf3 g2 97. Ke3 g1=Q+ 98.
Kd3 Qg4 99. Kc3 Qa4 100. Kd3 Qb4 101. Kc2 Qa3 102. Kb1 Qc3 103. Ka2 Nf2 104.
Kb1 Nd3 105. Ka2 Qb2# 0-1

[Event "Est ch 2020 G12"]
[Site "?"]
[Date "2020.01.23"]
[Round "2.5"]
[White "Rüdiger, Maria Helena"]
[Black "Luik, Elo-Mirtel"]
[Result "1-0"]
[WhiteElo "1091"]
[BlackElo "1012"]
[PlyCount "41"]
[SourceVersionDate "2020.01.30"]

1. e4 e5 2. Nf3 Nc6 3. d4 d6 4. d5 Nd4 5. Nxd4 exd4 6. Qxd4 c5 7. dxc6 bxc6 8.
Nc3 d5 9. exd5 cxd5 10. Qxd5 Qe7+ 11. Qe4 Qxe4+ 12. Nxe4 Bf5 13. Bd3 Bxe4 14.
Bxe4 Nf6 15. Bxa8 Bd6 16. O-O O-O 17. Bf3 Rc8 18. c3 Rc4 19. Bg5 h6 20. Bxf6
gxf6 21. Rad1 1-0

[Event "Est ch 2020 G12"]
[Site "?"]
[Date "2020.01.23"]
[Round "2.6"]
[White "Dmitrijeva, Laura-Valeria"]
[Black "Andrejeva, Olga"]
[Result "0-1"]
[WhiteElo "1005"]
[BlackElo "1018"]
[PlyCount "114"]
[SourceVersionDate "2020.01.30"]

1. e4 c5 2. Nc3 Nc6 3. Nf3 d6 4. Bc4 e6 5. d3 Be7 6. Bf4 Nf6 7. Qe2 O-O 8.
O-O-O Bd7 9. Nh4 h6 10. Qf3 g5 11. Be3 gxh4 12. Qh3 e5 13. Qxh4 Ng4 14. Qg3 Kh7
15. Bd2 a6 16. Qf3 f6 17. Qh3 b5 18. Bd5 Rb8 19. f3 Qc8 20. fxg4 Be6 21. Qxh6+
Kg8 22. Bxe6+ Qxe6 23. Qg6+ Kh8 24. Bh6 Rg8 25. Qh5 Rxg4 26. h3 b4 27. Bd2+ Kg8
28. hxg4 bxc3 29. Bxc3 Qxa2 30. Qh8+ Kf7 31. Qh7+ Ke6 32. Qh3 Qa1+ 33. Kd2 Qa4
34. g5+ Kf7 35. b3 Qb5 36. Qg4 fxg5 37. Qh5+ Ke6 38. Qh6+ Kd7 39. Qh3+ Kc7 40.
Bb2 Qa5+ 41. c3 Qa2 42. Rb1 Qxb3 43. Bc1 Qxb1 44. Qh7 Qa2+ 45. Kd1 Qb3+ 46. Ke1
Qxc3+ 47. Ke2 Qc2+ 48. Kf3 Qxd3+ 49. Be3 Rb2 50. Qh6 Qe2+ 51. Kg3 Qxe3+ 52. Kh2
Qf2 53. Rg1 Qf4+ 54. Kh1 Bf6 55. Qh7+ Be7 56. g3 Qf3+ 57. Rg2 Qxg2# 0-1

[Event "Est ch 2020 G12"]
[Site "?"]
[Date "2020.01.23"]
[Round "2.7"]
[White "Karba, Karoliina"]
[Black "Dukova, Sofia"]
[Result "0-1"]
[WhiteElo "1013"]
[BlackElo "1002"]
[PlyCount "104"]
[SourceVersionDate "2020.01.30"]

1. e4 e5 2. Nf3 Nc6 3. Nc3 Nf6 4. d4 exd4 5. Nxd4 Bb4 6. Nxc6 bxc6 7. Bd2 c5 8.
a3 Ba5 9. b4 cxb4 10. axb4 Bxb4 11. Nd5 Bxd2+ 12. Qxd2 Bb7 13. Nxf6+ Qxf6 14.
Bd3 Qxa1+ 15. Qd1 Qxd1+ 16. Kxd1 O-O 17. e5 Rae8 18. f4 Bxg2 19. Rg1 Bc6 20. h4
d6 21. exd6 cxd6 22. f5 f6 23. h5 h6 24. Bc4+ d5 25. Bd3 Re7 26. Re1 Rfe8 27.
Rxe7 Rxe7 28. Kd2 g5 29. Be2 a5 30. Bg4 a4 31. Kc3 d4+ 32. Kxd4 Re1 33. Kc3 a3
34. Kb3 Ra1 35. Be2 Bd5+ 36. c4 Bf7 37. Bd3 Bxh5 38. c5 Bf7+ 39. Ka4 a2 40. Ka3
g4 41. c6 Bd5 42. c7 Bb7 43. Kb2 Rd1 44. Bc4+ Kg7 45. Bxa2 g3 46. Be6 g2 47.
c8=Q Bxc8 48. Bxc8 g1=Q 49. Kb3 Rd4 50. Be6 Qe3+ 51. Kc2 Rd2+ 52. Kc1 Qe1# 0-1

[Event "Est ch 2020 G12"]
[Site "?"]
[Date "2020.01.24"]
[Round "3.1"]
[White "Orlova, Sofija"]
[Black "Shadrina, Eva"]
[Result "0-1"]
[WhiteElo "1239"]
[BlackElo "1559"]
[PlyCount "102"]
[SourceVersionDate "2020.01.30"]

1. d4 d5 2. c4 e6 3. Nc3 Nf6 4. e3 Be7 5. Nf3 O-O 6. Bd3 b6 7. cxd5 exd5 8. Ne5
Bb7 9. O-O Nbd7 10. f4 Ne4 11. Qf3 f5 12. Qh3 c5 13. Bxe4 dxe4 14. Rd1 Bc8 15.
dxc5 Bxc5 16. a3 a5 17. Kh1 Qe8 18. Nxd7 Bxd7 19. Rb1 Ra7 20. b4 axb4 21. axb4
Be7 22. Nd5 Bd8 23. Qg3 Bb5 24. Bb2 Rff7 25. Rbc1 Ra2 26. Bd4 Ra6 27. h4 Be2
28. Re1 Bg4 29. Rc3 Qd7 30. Nxb6 Bxb6 31. Be5 Ra2 32. Rec1 Rf8 33. h5 Qf7 34.
Rc7 Bxc7 35. Rxc7 Ra1+ 36. Kh2 Qxh5+ 37. Qh3 Qg6 38. Rxg7+ Qxg7 39. Bxa1 Bxh3
40. Bxg7 Kxg7 41. Kxh3 Kg6 42. g4 fxg4+ 43. Kxg4 h5+ 44. Kh4 Rb8 45. Kg3 Rxb4
46. Kg2 Rb2+ 47. Kg3 Kf5 48. Kh4 Re2 49. Kh3 Rxe3+ 50. Kh4 Ra3 51. Kxh5 Rh3#
0-1

[Event "Est ch 2020 G12"]
[Site "?"]
[Date "2020.01.24"]
[Round "3.2"]
[White "Haapsal, Maria Ioanna"]
[Black "Rogaten, Varvara"]
[Result "1/2-1/2"]
[WhiteElo "1549"]
[BlackElo "1397"]
[PlyCount "166"]
[SourceVersionDate "2020.01.30"]

1. e4 e5 2. Nf3 Nc6 3. Bb5 a6 4. Bxc6 dxc6 5. O-O Qf6 6. d4 exd4 7. Qxd4 Qxd4
8. Nxd4 Bc5 9. Be3 Nf6 10. f3 Bd7 11. Nc3 O-O-O 12. Rad1 h6 13. a3 g5 14. Rfe1
Be6 15. Na4 Be7 16. Nxe6 fxe6 17. Nc3 e5 18. Ne2 Nh5 19. g4 Nf4 20. Ng3 Bf6 21.
Nf5 h5 22. gxh5 Rxh5 23. Rxd8+ Kxd8 24. Bxf4 gxf4 25. Re2 Kd7 26. Rg2 Rh7 27.
Rd2+ Ke6 28. b3 Be7 29. b4 Bf6 30. Kg2 b6 31. Rd1 Rh8 32. h3 Rg8+ 33. Kh2 Rh8
34. Kg2 Rg8+ 35. Kh2 Rh8 36. Rd2 Rh7 37. Kg2 Rh8 38. Kh2 Rh7 39. Rd3 Rh8 40. c3
Rh7 41. Rd1 Rh8 42. Kg2 Rg8+ 43. Kh2 Rh8 44. a4 Rh7 45. Rd2 Rh8 46. c4 Rh7 47.
Rd1 Rh8 48. Kg2 Rg8+ 49. Kf2 Rh8 50. Kg2 Rg8+ 51. Kf2 Rh8 52. Rh1 Bh4+ 53. Nxh4
Rxh4 54. Kg2 Kf6 55. Rd1 Ke6 56. Kh2 Rh6 57. Rd2 Rh4 58. Rd8 b5 59. cxb5 cxb5
60. a5 Rh6 61. Rd5 Rh8 62. Kg2 Rg8+ 63. Kh2 Rh8 64. Rd2 Rc8 65. Rd5 Rh8 66. Rc5
Kd6 67. Rd5+ Ke6 68. Rd2 c6 69. Rc2 Kd6 70. Rd2+ Ke6 71. Rc2 Kd6 72. Rc5 Rc8
73. Kg2 Rg8+ 74. Kh2 Rh8 75. Rc2 Rc8 76. Rc5 Rh8 77. Kg2 Rg8+ 78. Kh2 Rh8 79.
Rc1 Rc8 80. Rc5 Rh8 81. Kg2 Rg8+ 82. Kh2 Rh8 83. Rc1 Rc8 1/2-1/2

[Event "Est ch 2020 G12"]
[Site "?"]
[Date "2020.01.24"]
[Round "3.3"]
[White "Kuzmina, Oleksandra"]
[Black "Pritulina, Nadezhda"]
[Result "0-1"]
[WhiteElo "1202"]
[BlackElo "1345"]
[PlyCount "102"]
[SourceVersionDate "2020.01.30"]

1. d4 c5 2. dxc5 e6 3. e4 Bxc5 4. e5 Nc6 5. f4 Nge7 6. Nc3 Nf5 7. Bd3 Bxg1 8.
Rxg1 Qh4+ 9. g3 Qxh2 10. Ne2 Ncd4 11. Rf1 Nxe2 12. Qxe2 Qxg3+ 13. Qf2 Qxf2+ 14.
Rxf2 h5 15. Rg2 h4 16. Bxf5 exf5 17. Rh2 b6 18. Rh3 Bb7 19. Be3 Bg2 20. Rh2 h3
21. Kf2 Ke7 22. Rd1 Rac8 23. c3 Rc6 24. Kg3 a6 25. a4 Rb8 26. Bd4 Rg6+ 27. Kf2
Rh8 28. b4 Rh4 29. Be3 Rhg4 30. Rd6 Rxd6 31. exd6+ Kxd6 32. Bxb6 Rxf4+ 33. Ke2
Re4+ 34. Kd3 Kc6 35. Bd4 g6 36. c4 Re1 37. b5+ axb5 38. axb5+ Kb7 39. c5 Rh1
40. Rxh1 Bxh1 41. Be5 f6 42. Bd6 g5 43. Ke3 f4+ 44. Kf2 h2 45. c6+ dxc6 46.
bxc6+ Bxc6 47. Ke2 h1=Q 48. Be7 Qe4+ 49. Kf1 Qg2+ 50. Ke1 f3 51. Bc5 Qe2# 0-1

[Event "Est ch 2020 G12"]
[Site "?"]
[Date "2020.01.24"]
[Round "3.4"]
[White "Andrejeva, Olga"]
[Black "Protassova, Evelina"]
[Result "0-1"]
[WhiteElo "1018"]
[BlackElo "1161"]
[PlyCount "120"]
[SourceVersionDate "2020.01.30"]

1. e4 c6 2. d4 d5 3. Nd2 Nf6 4. e5 Ng8 5. Ndf3 e6 6. a3 c5 7. Bd2 Nc6 8. Bc3
cxd4 9. Nxd4 Nxe5 10. Ndf3 Nc6 11. Qd2 Nf6 12. Qd3 Be7 13. O-O-O Bd7 14. h3 Qb6
15. g4 Qxf2 16. g5 Ne4 17. Bxg7 Rg8 18. Bd4 Nxd4 19. Nxd4 Qf4+ 20. Kb1 Nf2 21.
Qxh7 Qxg5 22. Rd2 Qxd2 23. Qxg8+ Bf8 24. Be2 Qxd4 25. Bh5 Qg7 26. Qxf7+ Qxf7
27. Bxf7+ Kxf7 28. Rh2 Ne4 29. Nf3 Bd6 30. Rg2 Rg8 31. Re2 Rg3 32. Nd4 Rxh3 33.
Re1 Ke7 34. Rg1 Rg3 35. Rh1 Rg7 36. Rh8 Bc5 37. Nf3 Kf6 38. Rb8 Bc6 39. c3 e5
40. Kc2 Kf5 41. b4 Bb6 42. Rf8+ Ke6 43. Kb3 Rf7 44. Rxf7 Kxf7 45. Nxe5+ Ke6 46.
Nd3 Nd2+ 47. Ka2 Kf5 48. Nf2 Bxf2 49. Kb2 Ke4 50. Kc2 Nc4 51. Kb3 Bb5 52. a4
Bc6 53. b5 Bd7 54. Kb4 Kd3 55. a5 Bxb5 56. Kxb5 Kxc3 57. a6 bxa6+ 58. Ka4 Na5
59. Ka3 d4 60. Ka2 d3 0-1

[Event "Est ch 2020 G12"]
[Site "?"]
[Date "2020.01.24"]
[Round "3.5"]
[White "Karba, Kertu"]
[Black "Rüdiger, Maria Helena"]
[Result "0-1"]
[WhiteElo "1158"]
[BlackElo "1091"]
[PlyCount "72"]
[SourceVersionDate "2020.01.30"]

1. e4 c5 2. Nf3 e6 3. c3 a6 4. Bc4 Nf6 5. e5 Nd5 6. O-O d6 7. d4 cxd4 8. cxd4
b5 9. Bb3 Bb7 10. a3 Be7 11. Bc2 O-O 12. Qd3 g6 13. Bh6 Re8 14. h3 b4 15. Nbd2
Nc6 16. Ba4 Qb6 17. Nc4 Qc7 18. Rfe1 Red8 19. Nh2 Rac8 20. Rac1 dxe5 21. Bxc6
Qxc6 22. Nxe5 Qe8 23. Rxc8 Rxc8 24. Qf3 Rb8 25. Nhg4 f6 26. Nc4 f5 27. Nd6 Bxd6
28. Nf6+ Nxf6 29. Qe2 Bd5 30. axb4 Rxb4 31. Qxa6 Qc6 32. Qxc6 Bxc6 33. Rxe6 Ne4
34. d5 Rxb2 35. dxc6 Rb1+ 36. Bc1 Rxc1# 0-1

[Event "Est ch 2020 G12"]
[Site "?"]
[Date "2020.01.24"]
[Round "3.6"]
[White "Dukova, Sofia"]
[Black "Dmitrijeva, Laura-Valeria"]
[Result "1-0"]
[WhiteElo "1002"]
[BlackElo "1005"]
[PlyCount "79"]
[SourceVersionDate "2020.01.30"]

1. e4 e5 2. Nf3 Nc6 3. Nc3 Nf6 4. Bb5 a6 5. Bxc6 dxc6 6. Nxe5 Bc5 7. O-O Be6 8.
d3 Qe7 9. Bg5 h6 10. Bh4 g5 11. Bg3 O-O-O 12. d4 Bd6 13. d5 cxd5 14. exd5 Bf5
15. Re1 Qf8 16. Qf3 h5 17. Qxf5+ Kb8 18. Qxf6 h4 19. Qxg5 hxg3 20. Qxg3 Rg8 21.
Qf3 Rh8 22. Nxf7 Rg8 23. Re3 Rd7 24. Nxd6 Qg7 25. g3 Rxd6 26. Rae1 Rf6 27. Qe2
Rh8 28. Re8+ Rxe8 29. Qxe8+ Ka7 30. Qe3+ b6 31. a4 Kb7 32. b4 Rf8 33. Qe7 Qxe7
34. Rxe7 Rf3 35. d6 Kc8 36. dxc7 Kb7 37. Nd5 Rf5 38. Re8 Rf6 39. c8=Q+ Ka7 40.
Qa8# 1-0

[Event "Est ch 2020 G12"]
[Site "?"]
[Date "2020.01.24"]
[Round "3.7"]
[White "Luik, Elo-Mirtel"]
[Black "Karba, Karoliina"]
[Result "1-0"]
[WhiteElo "1012"]
[BlackElo "1013"]
[PlyCount "65"]
[SourceVersionDate "2020.01.30"]

1. e4 c5 2. Nf3 Nc6 3. Nc3 Nf6 4. Bb5 d5 5. d3 dxe4 6. dxe4 Qxd1+ 7. Nxd1 Nxe4
8. O-O a6 9. Bd3 Nf6 10. Bg5 Bg4 11. Bxf6 Bxf3 12. Bxe7 Bxg2 13. Kxg2 Bxe7 14.
Nc3 O-O 15. Nd5 Bg5 16. f4 Be7 17. Rae1 Bh4 18. Re3 Rfe8 19. Rh3 g5 20. fxg5
Bxg5 21. Bxh7+ Kg7 22. Rff3 Re2+ 23. Kf1 Re5 24. Nf4 f6 25. Ng6 Rae8 26. Nxe5
Nxe5 27. Rfg3 Nc4 28. b3 Nd2+ 29. Kf2 Ne4+ 30. Kg2 Nxg3 31. hxg3 Re2+ 32. Kf1
Rxc2 33. Bxc2 1-0

[Event "Est ch 2020 G12"]
[Site "?"]
[Date "2020.01.24"]
[Round "4.1"]
[White "Shadrina, Eva"]
[Black "Rogaten, Varvara"]
[Result "0-1"]
[WhiteElo "1559"]
[BlackElo "1397"]
[PlyCount "60"]
[SourceVersionDate "2020.01.30"]

1. e4 e5 2. Nf3 Nc6 3. d4 exd4 4. c3 dxc3 5. Nxc3 Nf6 6. Bc4 Be7 7. Ng5 O-O 8.
Qb3 Ne5 9. f4 Nxc4 10. Qxc4 h6 11. Nf3 d6 12. O-O Be6 13. Qe2 c6 14. Rd1 Qc7
15. h3 b5 16. b3 Rad8 17. f5 Bc8 18. Bf4 a6 19. Rd2 b4 20. Nd1 Qb6+ 21. Kh1 d5
22. exd5 Nxd5 23. Bh2 Bf6 24. Rc1 Bxf5 25. Qc4 Nc3 26. Rxd8 Rxd8 27. Nb2 Be6
28. Qf1 Nxa2 29. Nc4 Qb5 30. Qe2 Nxc1 0-1

[Event "Est ch 2020 G12"]
[Site "?"]
[Date "2020.01.24"]
[Round "4.2"]
[White "Pritulina, Nadezhda"]
[Black "Dukova, Sofia"]
[Result "1-0"]
[WhiteElo "1345"]
[BlackElo "1002"]
[PlyCount "117"]
[SourceVersionDate "2020.01.30"]

1. e4 e5 2. Nf3 Nc6 3. d4 exd4 4. Nxd4 Nf6 5. Nxc6 bxc6 6. Bd3 Bd6 7. O-O O-O
8. Nc3 Bb7 9. Re1 Re8 10. a3 c5 11. Bg5 h6 12. Bh4 Qe7 13. Qd2 Qe5 14. Bg3 Qe6
15. e5 Bxe5 16. Rxe5 Qc6 17. Rxe8+ Rxe8 18. f3 c4 19. Be4 Qb6+ 20. Bf2 Qxb2 21.
Rb1 Nxe4 22. fxe4 Qxa3 23. Rxb7 Qa1+ 24. Rb1 Qa6 25. Qxd7 Re5 26. Qxc7 Re8 27.
Qxa7 Qf6 28. Qd4 Qg5 29. Qxc4 Re6 30. Qe2 Rg6 31. Bg3 Qc5+ 32. Qf2 Qxc3 33. Rf1
Rf6 34. Qe1 Qc5+ 35. Bf2 Qxc2 36. Bd4 Rxf1+ 37. Qxf1 Qxe4 38. Qf2 Qd3 39. h3
Kh7 40. Be3 Kg6 41. Qg3+ Kf5 42. Qf3+ Ke5 43. Bf4+ Kd4 44. Be5+ Kc4 45. Qxf7+
Kc5 46. Qe7+ Kc4 47. Qc7+ Kb3 48. Bxg7 h5 49. Qb7+ Kc4 50. Qa6+ Kd5 51. Qxd3+
Ke6 52. Qe2+ Kf5 53. Qxh5+ Ke4 54. Qg5 Kd3 55. Qf4 Kc2 56. Qe3 Kb1 57. Qe2 Kc1
58. h4 Kb1 59. Qb2# 1-0

[Event "Est ch 2020 G12"]
[Site "?"]
[Date "2020.01.24"]
[Round "4.3"]
[White "Protassova, Evelina"]
[Black "Orlova, Sofija"]
[Result "0-1"]
[WhiteElo "1161"]
[BlackElo "1239"]
[PlyCount "33"]
[SourceVersionDate "2020.01.30"]

1. d4 d5 2. c4 e6 3. Nc3 Nf6 4. Nf3 Be7 5. Bf4 c6 6. e3 O-O 7. cxd5 exd5 8. Be2
Nh5 9. Bxb8 Rxb8 10. O-O Bd6 11. Qc2 Qf6 12. Rfe1 Bf5 13. Bd3 Bxd3 14. Qxd3
Rfe8 15. Rad1 h6 16. a3 Qe7 17. g3 {loetamatu} 0-1

[Event "Est ch 2020 G12"]
[Site "?"]
[Date "2020.01.24"]
[Round "4.4"]
[White "Rüdiger, Maria Helena"]
[Black "Kuzmina, Oleksandra"]
[Result "0-1"]
[WhiteElo "1091"]
[BlackElo "1202"]
[PlyCount "132"]
[SourceVersionDate "2020.01.30"]

1. e4 d5 2. exd5 Qxd5 3. Nc3 Qa5 4. d4 c6 5. Bd2 Nf6 6. Nf3 Bg4 7. Be2 Qd8 8.
h3 Bxf3 9. Bxf3 Qxd4 10. Be3 Qd7 11. Qd2 Qxd2+ 12. Bxd2 e5 13. O-O-O Be7 14.
Rhe1 Nbd7 15. Kb1 O-O 16. g4 a5 17. g5 Ne8 18. Bg4 f5 19. Bf3 f4 20. Bg2 Bxg5
21. Bxf4 Bxf4 22. Rxd7 b5 23. Bxc6 Nf6 24. Bxa8 Nxd7 25. Bd5+ Kh8 26. Nxb5 Bh2
27. f3 Bf4 28. Nc7 Nf6 29. Bc6 Rc8 30. Rd1 h6 31. Be4 Nxe4 32. fxe4 Rxc7 33. a3
Rc4 34. Rd8+ Kh7 35. b3 Rxe4 36. Rd5 a4 37. Ra5 axb3 38. cxb3 Rd4 39. b4 e4 40.
Ra8 e3 41. Re8 Kg6 42. b5 Rd1+ 43. Kc2 Ra1 44. Kb3 Kf5 45. Kb4 g5 46. a4 g4 47.
hxg4+ Kxg4 48. a5 Kf3 49. b6 Bd6+ 50. Kb5 e2 51. a6 e1=Q 52. Rxe1 Rxe1 53. Kc6
Bf4 54. a7 Ra1 55. Kb7 h5 56. a8=Q Rxa8 57. Kxa8 h4 58. b7 h3 59. b8=Q Bxb8 60.
Kxb8 h2 61. Ka8 h1=Q 62. Kb8 Qh7 63. Kc8 Ke4 64. Kb8 Kd5 65. Ka8 Kc6 66. Kb8
Qb7# 0-1